000 00603nam a2200229Ia 4500
003 OSt
005 20220926043812.0
006 a|||||r|||| 00| 0
007 ta
008 220923b |||||||| |||| 00| 0 eng d
037 _cGeneral Book
040 _aRTL
_cRTL
_beng
041 _2eng
_aeng
082 _aU2853, J7;1
100 _aLudlam F H
_9348243
245 0 _aCloud study
_b A pictorial guide
260 _c1957
650 _aMeteorology
_9200073
700 _a Scorer R S
_9291227
942 _hU2853, J7;1
_cGB
_2CC
999 _c673228
_d673228